Seize the Fire (Record no. 576234)

MARC details
000 -LEADER
fixed length control field 01037nam a2200169Ia 4500
008 - FIXED-LENGTH DATA ELEMENTS--GENERAL INFORMATION
fixed length control field 250718s9999 xx 000 0 und d
020 ## - INTERNATIONAL STANDARD BOOK NUMBER
ISBN 9780060753627
082 ## - DEWEY DECIMAL CLASSIFICATION NUMBER
Classification number 940.2745
Item number NIC
100 ## - MAIN ENTRY--AUTHOR NAME
Personal name Nicolson, Adam
245 #0 - TITLE STATEMENT
Title Seize the Fire
260 ## - PUBLICATION, DISTRIBUTION, ETC. (IMPRINT)
Name of publisher Harper Perennial
Year of publication 2006
300 ## - PHYSICAL DESCRIPTION
Number of Pages 384 pages
500 ## - GENERAL NOTE
General note In October 1805 Lord Horatio Nelson, the most brilliant sea commander who ever lived, led the British Royal Navy to a devastating victory over the Franco-Spanish fleets at the great battle of Trafalgar. It was the foundation of Britain's nineteenth-century world-dominating empire. Adam Nicolson's Seize the Fire is not only a close and revealing portrait of a legendary hero in his final action but also a vivid account of the brutal realities of battle; it asks the questions: Why did the winners win? What was it about the British, their commanders and their men, their beliefs and their ambitions, that took them to such overwhelming victory?
650 ## - SUBJECT ADDED ENTRY--TOPICAL TERM
Topical Term History
942 ## - ADDED ENTRY ELEMENTS (KOHA)
Koha item type English Books
Holdings
Withdrawn status Lost status Damaged status Not for loan Home library Current library Shelving location Date acquired Full call number Accession Number Price effective from Koha item type
        Anna Centenary Library Anna Centenary Library 7TH FLOOR, B WING 18.07.2025 940.2745 NIC 493414 18.07.2025 English Books

Find us on the map